Catálogo
 En Linea

Governanca da internet. (Registro nro. 44000)

Detalles MARC
000 -CABECERA
campo de control de longitud fija 00270nam a2200097 a 4500
005 - FECHA Y HORA DE LA ÚLTIMA TRANSACCIÓN
campo de control 20201002045427.0
008 - DATOS DE LONGITUD FIJA--INFORMACIÓN GENERAL
campo de control de longitud fija 140703s2005 000 spa d
040 ## - FUENTE DE LA CATALOGACIÓN
Centro catalogador/agencia de origen DO-SdBNP
245 #0 - MENCIÓN DE TÍTULO
Título Governanca da internet.
260 ## - PUBLICACIÓN, DISTRIBUCIÓN, ETC.
Lugar de publicación, distribución, etc. Rio de Janeiro -- edit. peirópolis,
Fecha de publicación, distribución, etc. 2005 -- 96 p.

No hay ítems disponibles.

Con tecnología Koha